MEOVV all songs - Statistics

General Stats
  • This quiz has been taken 78 times
  • The average score is 5 of 6
Answer Stats
Hint Answer % Correct
Debut Single MEOW
96%
Pre-release single(MY EYES OPEN VVIDE) HANDS UP
92%
TOXIC TOXIC
92%
TOXIC BODY
85%
MY EYES OPEN VVIDE DROP TOP
83%
MY EYES OPEN VVIDE LIT RIGHT NOW
52%
No matching quizzes found
Score Distribution
Percent of People with Each Score
Percentile by Number Answered
Your Score History
You have not taken this quiz